ARRUPE JESUIT UNIVERSITY

CORONAVIRUS -STOP THE SPREAD - CLEAN,DISINFECT,COVER

USSR and countries of Africa : (Record no. 124789)

MARC details
000 -LEADER
fixed length control field 01129cam a2200301 a 4500
001 - CONTROL NUMBER
control field 1848110
003 - CONTROL NUMBER IDENTIFIER
control field ARRUPE
005 - DATE AND TIME OF LATEST TRANSACTION
control field 20160504122341.0
008 - FIXED-LENGTH DATA ELEMENTS--GENERAL INFORMATION
fixed length control field 811102s1980 ru b 000 0 eng
010 ## - LIBRARY OF CONGRESS CONTROL NUMBER
LC control number 81136119
015 ## - NATIONAL BIBLIOGRAPHY NUMBER
National bibliography number USSR***
040 ## - CATALOGING SOURCE
Original cataloging agency DLC
Transcribing agency DLC
Modifying agency DLC
041 1# - LANGUAGE CODE
Language code of text/sound track or separate title engrus
043 ## - GEOGRAPHIC AREA CODE
Geographic area code f------
-- e-ur---
050 00 - LIBRARY OF CONGRESS CALL NUMBER
Classification number DT38.9.S65
Item number U86
082 00 - DEWEY DECIMAL CLASSIFICATION NUMBER
Classification number 947.08
Edition number 19
300 ## - PHYSICAL DESCRIPTION
Dimensions 21 cm.
245 00 - TITLE STATEMENT
Title USSR and countries of Africa :
Remainder of title (friendship, cooperation, support for the anti-imperialist struggle) /
Statement of responsibility, etc general editor, E.A. Tarabrin ; [translated from the Russian by David Fidlon and Stanislav Ponomarenko].
260 ## - PUBLICATION, DISTRIBUTION, ETC. (IMPRINT)
Place of publication, distribution, etc Moscow :
Name of publisher, distributor, etc Progress Publishers,
Date of publication, distribution, etc c1980.
300 ## - PHYSICAL DESCRIPTION
Extent 319 p.;
504 ## - BIBLIOGRAPHY, ETC. NOTE
Bibliography, etc Includes bibliographical references and index.
650 #0 - SUBJECT ADDED ENTRY--TOPICAL TERM
Topical term or geographic name as entry element Africa.
Chronological subdivision 1960
9 (RLIN) 24326
General subdivision Economic Conditions
650 #0 - SUBJECT ADDED ENTRY--TOPICAL TERM
Topical term or geographic name as entry element Africa.
Chronological subdivision 1960
9 (RLIN) 24327
General subdivision Politics
651 #0 - SUBJECT ADDED ENTRY--GEOGRAPHIC NAME
Geographic name Africa
General subdivision Relations
Geographic subdivision Soviet Union.
9 (RLIN) 24329
651 #0 - SUBJECT ADDED ENTRY--GEOGRAPHIC NAME
Geographic name Soviet Union
General subdivision Relations
Geographic subdivision Africa.
9 (RLIN) 24330
700 1# - ADDED ENTRY--PERSONAL NAME
Personal name Tarabrin, E. A. (ed.)
Fuller form of name (Evgeniĭ Anatolʹevich)
9 (RLIN) 24331
906 ## - LOCAL DATA ELEMENT F, LDF (RLIN)
a 7
b cbc
c orignew
d 2
e ncip
f 19
g y-gencatlg
942 ## - ADDED ENTRY ELEMENTS (KOHA)
Source of classification or shelving scheme Library of Congress Classification
Koha item type Monograph ( Printed materials)
Holdings
Withdrawn status Lost status Source of classification or shelving scheme Damaged status Not for loan Collection code Home library Current library Shelving location Date acquired Total Checkouts Full call number Barcode Date last seen Price effective from Koha item type
    Library of Congress Classification     Main Collection ARRUPE LIBRARY ARRUPE LIBRARY Main Collection 03/05/2016   DT38.9.S65U86 46500006377 07/12/2017 03/05/2016 Monograph ( Printed materials)

 

Arrupe Library. PO Box MP320 Mt Pleasant, Harare, Zimbabwe
263 242 745411|librarian@aju.ac.zw